Kapoor's interest calculator (Record no. 24204)

MARC details
000 -LEADER
fixed length control field 00301nam a2200121Ia 4500
082 ## - DEWEY DECIMAL CLASSIFICATION NUMBER
Classification number 330.161
Item number HAR
100 ## - MAIN ENTRY--AUTHOR NAME
Personal name Haridass Kapoor
245 #0 - TITLE STATEMENT
Title Kapoor's interest calculator
250 ## - EDITION STATEMENT
Edition statement Ed.27
260 ## - PUBLICATION, DISTRIBUTION, ETC. (IMPRINT)
Place of publication New Delhi
Name of publisher H P J Kapoor
Year of publication 1976
942 ## - ADDED ENTRY ELEMENTS (KOHA)
Koha item type Books
Holdings
Withdrawn status Lost status Damaged status Not for loan Home library Current library Date acquired Cost, normal purchase price Full call number Accession Number Koha item type
        RRII Library RRII Library 16/12/2021 20.00 330.161 HAR 04888 Books